strictly winners - Statistics

General Stats
  • This quiz has been taken 17 times
  • The average score is 12 of 18
Answer Stats
season year pro dancer celebrity % Correct
18 2020 Oti Mabuse Bill Bailey
93%
16 2018 Kevin Clifton Stacey Dooley
93%
13 2015 Aliona Vilnai Jay McGuiness
87%
17 2019 Oti Mabuse Kelvin Fletcher
87%
11 2013 Alijaz Skorjanec Abbey Clancy
80%
12 2014 Pasha Kovalev Caroline Flack
80%
9 2011 Aliona Vilani Harry Judd
80%
2 2004 Darren Bennett Jill Halfpenny
73%
14 2016 Joanne Clifton Ore Oduba
73%
15 2017 Katya Jones Joe McFadden
67%
10 2012 Flavia Cacace Louis Smith
67%
6 2008 Camilla Dallerup Tom Chambers
60%
5 2007 Matthew Cutler Alesha Dixon
47%
3 2005 Lilia Kopylova Darren Gough
47%
8 2010 Artem Chigvintsev Kara Tointon
47%
7 2009 Ola Jordan Chris Hollins
40%
4 2006 Karen Hardy Mark Ramprakash
40%
1 2004 Brendan Cole Natasha Kaplinksy
7%
No matching quizzes found
Score Distribution
Percent of People with Each Score
Percentile by Number Answered
Your Score History
You have not taken this quiz